| 000 | 01214nam a2200229Ia 4500 | ||
|---|---|---|---|
| 003 | OSt | ||
| 005 | 20220918174009.0 | ||
| 006 | a|||||r|||| 00| 0 | ||
| 007 | ta | ||
| 008 | 220917b |||||||| |||| 00| 0 eng d | ||
| 024 | _a9,691 | ||
| 037 | _cTextual | ||
| 040 |
_aARTS _cARTS _beng |
||
| 041 |
_2eng _aeng |
||
| 082 | _aMk, L5.1-.21 (RR) | ||
| 245 | 0 |
_aDo it yourself _b complete handyman enclopedia |
|
| 260 | _c1975 | ||
| 500 | _aContants v1: Abrasives automobile enginee v2: Ball joints boat engine v3: Boat handling Canoe v4: Carburetors Cluch v5 : Cofee makers desks v5: Coffee makers desks v6: Dimmer electricictity v7: electric range fireplace v8: First aidgarge remodeling v9: Gardening Home improvement v10: Home owenership laser v11: lathe Model car layout v12: moldings Paints paint picture framing v13 ; Panels picture framing v14 : Plastics fabricating repairs automobiles v15: Roofs science projects v16: Screens spark plug v17: Speakers swimming v18: Swimming pool tools v19 : Tools garden Upholstery v20: Vacum cleaner wildlife v21: Wind gaugeyarn Index | ||
| 650 | _aINDUSTRIAL ARTS | ||
| 942 |
_hMk, L5.1-.21 (RR) _cTEXL _2CC |
||
| 999 |
_c151329 _d151329 |
||